1345 1872 1406 1903 1616 1288 1913 1654 1703 1162 1417 1613 1890 1880 1302 1955 1583 1518 1702 1205 1213 1667 1117 1607 1590 1421 1092 1726 1594 1738 1333 1545 1518 1906 1482 1539 1604 1822 1526 1542 1198 1123 1999 1273 1455 1489 1703 1704 1096 1441 1721 1275 1184 1047 1526 1827 1552 1015 1799 1143 1299 1041 1667 1222 1356 1343 1643 1402 1715 1538 1038 1965 1313 1141 1269 1366 1917 1570 1154 1346 1456 1587 1307 1926 1438 1263 1828 1067 1208 1253 1492 1046 1028 1992 1409 1693 1027 1964 1269 BCNSPRNW ULIB Ver.6.0+V

เปลี่ยนเป็นภาษาไทย

Change to English
 แสดงรายละเอียดบรรณานุกรม
  กลับหน้าหลัก

Brief Record : Get Marc (ISO 2709) : E-mail record : QR code < ปิดหน้าต่าง
LEADER : 00000nam a2200000 a 4500
001    13399113826
003     ULIB
008    020903s1998 us a b 000 0 eng d
020    ^a0205316026
050  4 ^aBF713^bB512d
100 1  ^aBerk, Laura E.
245 10 ^aDevelopment through the lifespan /^cLaura E. Berk
250    ^aAnnotated Instructor ed.
260    ^aBoston :^bAllyn and Bacon,^cc1998
300    ^axxvi, 650 p. :^bill. (some col.) ;^c29 cm
504    ^aIncludes bibliographical references
650  0 ^aDevelopmental psychology
945    ^p0^l0^i030902
995    ^aKesorn
999 ^a ใช้งานได้ทุกระบบ
รายการนี้ยังไม่มีแท็ก
คุณยังไม่ได้ล็อกอิน คุณสามารถมีกิจกรรมร่วมกับเว็บไซต์ได้ แต่ต้องล็อกอินก่อน ::
  ล็อกอิน

รายการสื่อสารสนเทศ

ลำดับที่ ประเภท เลขเรียก/บาร์โค้ด สถานที่ สถานะ
- ไม่พบข้อมูล -

BibComment


ยังไม่เคยถูกคอมเมนท์

คอมเมนท์ทรัพยากรรายการนี้
  คอมเมนท์: Development thro..


 Copyright 2026. Bcnsprnw @Library